=LDR 00000nam 2200000 4500 =001 NUTBA000000000000105 =005 20210210013502 =035 ##$$a 0010-031400000000104 =008 210210################g##########0#ind## =020 ##$$a 978-602-9413-80-9 332-106 8 =082 ##$$a 332.106 =090 ##$$a 332.106 Iwa m =100 ##$$a Kasmir =245 1#$$a Manajemen perbankan /$c Kasmir, SE., MM. =250 ##$$a Ed.1 =260 ##$$a Jakarta :$b Raja Grafindo Persada,$c 2004 =300 ##$$a xiii, 463 hlm. ; $c 20 x 13 cm. =850 ##$$a NBPNMAT =084 ##$$a 332.106 KAS m =990 ##$$a 21303033 =990 ##$$a 21303031 =990 ##$$a 21303032 =990 ##$$a 21303030 =990 ##$$a 30701403 =990 ##$$a 00093383